00759naa a2200229 a 450000100080000000500110000800800410001910000230006024500890008326000090017230000120018150000320019365000200022565000150024565300150026065300280027570000220030370000250032570000200035070000220037077301370039214438362008-04-02 2007 bl --- 0-- u #d1 aCARVALHO, J. C. C. aUtilização de protetores enzimáticos em dietas para frangos de corte, desempenho. c2007 ap. 127. aProjeto n. 10.06.11.025-01. aFrango de Corte aNutrição aDesempenho aProtetores enzimáticos1 aBERTECHINI, A. G.1 aLIMA, G. J. M. M. de1 aSILVA, C. L. S.1 aFIGUEIREDO, G. O. tIn: CONFERÊNCIA APINCO DE CIÊNCIA E TECNOLOGIA AVÍCOLAS, 2007, Santos, SP. Anais... Campinas: FACTA, 2007. Trabalhos de pesquisa.